Music Quiz

Random Music or Song Quiz
Score 0/7 Timer 02:00
0 Plays Today
Question Answer Wrong Answers
'Quit Playing Games (With My Heart)' Backstreet Boys
85.6%
Boyz II Men
7.7%
Hanson
4.4%
Montell Jordan
1.7%
'Return of the Mack' Mark Morrison
85.1%
Seal
4.4%
Prince
1.7%
Fugees
8.3%
'Bitch' Meredith Brooks
74.6%
Alanis Morissette
15.5%
Madonna
4.4%
Missy Elliott
4.4%
'You Were Meant For Me' Jewel
72.9%
Sarah McLachlan
8.3%
Fiona Apple
7.7%
Sheryl Crow
9.4%
'Don't Let Go (Love)' En Vogue
67.4%
Spice Girls
12.7%
Mariah Carey
9.9%
TLC
8.3%
'You Make Me Wanna...' Usher
64.6%
Will Smith
2.8%
K-Ci and JoJo
21%
Lenny Kravitz
7.2%
'How Do I Live' LeAnn Rimes
64.1%
Shania Twain
12.2%
Celine Dion
12.2%
Toni Braxton
8.8%

You're not logged in!

Compare scores with friends on all Sporcle quizzes.
OR
Log In

Sporcle TV

Today on Sporcle TV


Watch our educational content, quiz creation guides, and fun videos on Sporcle TV.

Show Comments

Extras

Top Quizzes Today


Score Distribution

Paid Content

Your Account Isn't Verified!

In order to create a playlist on Sporcle, you need to verify the email address you used during registration. Go to your Sporcle Settings to finish the process.

Report this User

Report this user for behavior that violates our Community Guidelines.

Details: